[Event "AUT-chT 9596"]
[Site "Austria"]
[Date "1996.??.??"]
[Round "?"]
[White "Grabher, Heinz"]
[Black "Herndl, Harald"]
[Result "0-1"]
[WhiteElo "2260"]
[BlackElo "2335"]
[PlyCount "56"]
[EventDate "1995.??.??"]
[EventType "team"]
[EventRounds "11"]
[EventCountry "AUT"]
[SourceTitle "CBM 052 Extra"]
[Source "ChessBase"]
[SourceDate "1996.07.01"]
[SourceVersion "1"]
[SourceVersionDate "1996.07.01"]
[SourceQuality "1"]

1. e4 e6 2. d4 d5 3. Nc3 Nf6 4. Bg5 dxe4 5. Nxe4 Nbd7 6. Nf3 Be7 7. Bxf6 Nxf6 8. Bd3 Nxe4 9. Bxe4 c5 10. 0-0 cxd4 11. Nxd4 0-0 12. c3 Qb6 13. Qe2 Bd7 14. Rfd1 Rad8 15. Rd3 g6 16. f4 Bb5 17. Kh1 Bxd3 18. Bxd3 Bf6 19. Nb3 a5 20. Bb5 Qc7 21. Rf1 Be7 22. a4 Rd5 23. Bd3 Rfd8 24. Be4 R5d7 25. g3 Bf6 26. Qc2 Qc4 27. Re1 Qxa4 28. Ra1 Qb5 0-1

[Event "Vienna op"]
[Site "Vienna"]
[Date "1996.??.??"]
[Round "8"]
[White "Herndl, Harald"]
[Black "Henley, Ron W"]
[Result "1/2-1/2"]
[WhiteElo "2365"]
[BlackElo "2465"]
[PlyCount "24"]
[EventDate "1996.??.??"]
[EventType "swiss"]
[EventRounds "9"]
[EventCountry "AUT"]
[SourceTitle "CBM 053 Extra"]
[Source "ChessBase"]
[SourceDate "1996.09.01"]
[SourceVersion "1"]
[SourceVersionDate "1996.09.01"]
[SourceQuality "1"]

1. d4 Nf6 2. c4 e6 3. Nf3 Bb4+ 4. Bd2 Qe7 5. g3 Nc6 6. Bg2 Bxd2+ 7. Nbxd2 d6 8. 0-0 a5 9. e4 e5 10. d5 Nb8 11. b3 0-0 12. a3 c6 1/2-1/2

[Event "Vienna op"]
[Site "Vienna"]
[Date "1996.??.??"]
[Round "4"]
[White "Herndl, Harald"]
[Black "Ibragimov, Ildar"]
[Result "0-1"]
[WhiteElo "2365"]
[BlackElo "2545"]
[PlyCount "92"]
[EventDate "1996.??.??"]
[EventType "swiss"]
[EventRounds "9"]
[EventCountry "AUT"]
[SourceTitle "CBM 053 Extra"]
[Source "ChessBase"]
[SourceDate "1996.09.01"]
[SourceVersion "1"]
[SourceVersionDate "1996.09.01"]
[SourceQuality "1"]

1. d4 d5 2. c4 dxc4 3. e4 e5 4. Nf3 exd4 5. Bxc4 Nc6 6. 0-0 Be6 7. Bxe6 fxe6 8. Ng5 Qd7 9. Qh5+ g6 10. Qh3 0-0-0 11. Qxe6 h6 12. Qxd7+ Rxd7 13. Ne6 Bd6 14. Nf4 Ne5 15. Rd1 Nf6 16. Rxd4 g5 17. Nd5 Bc5 18. Rd1 Nxe4 19. Be3 Rhd8 20. Nbc3 Nxc3 21. Nxc3 Bxe3 22. fxe3 Rd2 23. Rxd2 Rxd2 24. b3 Rc2 25. Nb5 a6 26. Nd4 Rb2 27. h3 Kd7 28. Rd1 Rxa2 29. Nf5+ Ke6 30. e4 Rb2 31. Rd8 Nc6 32. Rg8 Rxb3 33. Nxh6 a5 34. Rg6+ Ke5 35. Rxg5+ Kxe4 36. h4 b5 37. Ng8 a4 38. Nf6+ Kd3 39. Rg8 a3 40. Ra8 Kc2 41. h5 Ne5 42. h6 Nf7 43. h7 Kb2 44. Rf8 a2 45. Rxf7 a1Q+ 46. Kh2 Ka2 0-1

[Event "AUT-chT 9596"]
[Site "Austria"]
[Date "1996.??.??"]
[Round "?"]
[White "Herndl, Harald"]
[Black "Sommerbauer, Norbert"]
[Result "1-0"]
[WhiteElo "2335"]
[BlackElo "2385"]
[PlyCount "87"]
[EventDate "1995.??.??"]
[EventType "team"]
[EventRounds "11"]
[EventCountry "AUT"]
[SourceTitle "CBM 052 Extra"]
[Source "ChessBase"]
[SourceDate "1996.07.01"]
[SourceVersion "1"]
[SourceVersionDate "1996.07.01"]
[SourceQuality "1"]

1. d4 d5 2. c4 e6 3. Nc3 c5 4. e3 Nf6 5. Nf3 Nc6 6. a3 a6 7. dxc5 Bxc5 8. b4 Ba7 9. Bb2 0-0 10. Qc2 Qe7 11. Rd1 Rd8 12. Be2 d4 13. exd4 Nxd4 14. Nxd4 Bxd4 15. 0-0 e5 16. Na4 Bd7 17. Bxd4 Bxa4 18. Qxa4 Rxd4 19. Rxd4 exd4 20. Bf3 d3 21. Qd1 Rd8 22. Qd2 Ne4 23. Qe3 f5 24. Rd1 Qe5 25. g4 d2 26. gxf5 Rd4 27. Bxe4 Rxe4 28. Qxd2 h6 29. Qd5+ Qxd5 30. cxd5 Kf7 31. Rc1 Re7 32. d6 Rd7 33. Rc7 Ke8 34. Kg2 Kd8 35. Rxd7+ Kxd7 36. Kf3 Kxd6 37. Ke4 b6 38. Kd4 a5 39. b5 a4 40. h3 h5 41. h4 Ke7 42. Ke5 Kf7 43. Kf4 Kf6 44. f3 1-0

[Event "Vienna op"]
[Site "Vienna"]
[Date "1996.??.??"]
[Round "1"]
[White "Kobalia, Mihail"]
[Black "Herndl, Harald"]
[Result "1-0"]
[WhiteElo "2495"]
[BlackElo "2365"]
[PlyCount "69"]
[EventDate "1996.??.??"]
[EventType "swiss"]
[EventRounds "9"]
[EventCountry "AUT"]
[SourceTitle "CBM 053 Extra"]
[Source "ChessBase"]
[SourceDate "1996.09.01"]
[SourceVersion "1"]
[SourceVersionDate "1996.09.01"]
[SourceQuality "1"]

1. e4 e6 2. d4 d5 3. Nd2 c5 4. exd5 Qxd5 5. Ngf3 cxd4 6. Bc4 Qd6 7. 0-0 Nf6 8. Nb3 Nc6 9. Nbxd4 Nxd4 10. Nxd4 a6 11. Re1 Qc7 12. Bb3 Bd6 13. Nf5 Bxh2+ 14. Kh1 0-0 15. Nxg7 Kxg7 16. Qd4 e5 17. Qh4 Ng4 18. Bh6+ Nxh6 19. Qg5+ Kh8 20. Qxh6 Qe7 21. Kxh2 f6 22. Rad1 Bf5 23. Rd2 Rad8 24. Red1 Rxd2 25. Qxd2 Rc8 26. c3 Kg7 27. Qd5 Bg6 28. a4 Re8 29. Qd7 Kf8 30. a5 Qc5 31. Qd6+ Qxd6 32. Rxd6 f5 33. Bd5 e4 34. Bxb7 Rb8 35. Rb6 1-0